| 000 | 01105nam a22003257a 4500 | ||
|---|---|---|---|
| 003 | EG-ScBUE | ||
| 005 | 20220608125615.0 | ||
| 006 | m||||fq||h 00| 0 | ||
| 008 | 120912r20152011enk f 000 0 eng d | ||
| 020 | _a9780194741675 | ||
| 040 |
_aEG-ScBUE _beng _erda _cEG-ScBUE _dEG-ScBUE |
||
| 082 | 0 | 4 |
_222 _a428.24 _bHEA |
| 245 | 0 | 0 |
_aAcademic skills : _blistening, speaking, and study skills, _nlevel 3, _pTeacher's guide / _cSue Hobbs, editor. |
| 246 | 3 | 0 | _aTeacher's guide |
| 250 | _aReprinted edition. | ||
| 264 | 1 |
_aOxford : _bOxford University Press, _c2015. |
|
| 300 |
_a92 pages : _billustrations ; _c28 cm + _e1 CD |
||
| 336 |
_2rdacontent _atext _btxt |
||
| 336 |
_2rdacontent _asounds _bsnd |
||
| 337 |
_2rdamedia _aunmediated _bn |
||
| 337 |
_2rdamedia _aaudio _bs |
||
| 338 |
_2rdacarrier _avolume _bnc |
||
| 338 |
_2rdacarrier _acomputer disc _bcd |
||
| 650 | 7 |
_aEnglish language _xStudy and teaching (Higher) _vForeign speakers. _2BUEsh |
|
| 651 | _2BUEsh | ||
| 653 |
_cSeptember2012 _bHHUUEENN |
||
| 655 |
_vReading book _934232 |
||
| 700 | 1 |
_aHobbs, Sue, _eeditor. _941669 |
|
| 942 |
_2ddc _cTR |
||
| 999 |
_c16993 _d16965 |
||